000 01158cam a22003497a 4500
001 000074754
003 CHAP
005 20220329141655.0
008 971013s1963 r 00010 d
010 _a71989
011 _a72961
035 _a82518
040 _cCHAP
082 _a338.918 B35i
110 _aBanco Nacional de Comercio Exterior. México
_99867
245 1 3 _aLa integración económica latinoamericana.
260 _aMéxico, D.F. :
_bEl Banco,
_c1963.
300 _a967 p.
590 _aBATCH-UPD
_b10
_c20130110
_lUCH01
_h0236
590 _aBATCH-UPD
_b10
_c20130110
_lUCH01
_h1138
590 _aBATCH-UPD
_b10
_c20130409
_lUCH01
_h2301
590 _aBATCH-UPD
_b10
_c20130914
_lUCH01
_h0323
590 _aCONVERSION
_b10
_c20130109
_lUCH01
_h1339
590 _aE11695DGD
_b10
_c20150114
_lUCH01
_h1439
650 1 4 _aAmérica Latina
_xIntegración económica.
_95403
650 1 4 _aPolítica comercial
_xAmérica Latina.
_990471
901 _aBK
942 _cLIBRO
942 _n0
949 _a338.918 b35i
_bBC
_cLIBRO
_d33724000110375
_eLIBRO
_h6629
_i82518
_si
949 _a338.918 b35i
_bBC
_cLIBRO
_d33724000110383
_eLIBRO
_fc.2
_h6630
_i82518
_si
999 _c71989
_d71989